Bubbly Around the World Quiz Stats

 Plays Quiz not verified by Sporcle

Score 0/9 Timer 01:00
0 Plays Today
% Correct
Champagne
97.3%
Prosecco
90.5%
Sparkling Wine
89.6%
Sovetskoye Shampanskoye
88.7%
Sparkling Shiraz
75.7%
Pezsgő
75.4%
Cava
74.8%
Espumante
74.3%
Sekt
68.3%

You're not logged in!

Compare scores with friends on all Sporcle quizzes.
Join for Free
OR
Log In

You Might Also Like...

Show Comments

Extras

Top Quizzes Today


Score Distribution

Your Account Isn't Verified!

In order to create a playlist on Sporcle, you need to verify the email address you used during registration. Go to your Sporcle Settings to finish the process.

Report this User

Report this user for behavior that violates our Community Guidelines.

Details: